Offbrand Logos Quiz #2 - Statistics

General Stats
  • This quiz has been taken 54 times
  • The average score is 12 of 20
Answer Stats
Off-Brand Name Hint Answer % Correct
Um Card Game - US Uno
97%
Mrs. Dirty Cleaning - US Mr. Clean
83%
Snipers Chocolate - US Snickers
83%
CBB Broadcasting - UK BBC
79%
Detos Snack - US Doritos
79%
That Horror Movie - US It
79%
Like Sports Apparel - US Nike
79%
SCB Broadcasting - US CBS
69%
Cream Between Snack - US Oreo
69%
Wiwi Gaming Console - Japan Wii
69%
Worst Sell Electronics - US Best Buy
66%
Dive Beauty - US Dove
52%
Sandwichalley Food - US Subway
52%
Old Tilt Sports Apparel - US New Balance
45%
Blue Cow Caffeinated Beverage - US Red Bull
45%
Chair Automobile - Spain Seat
45%
Wave Cleaning - US Tide
31%
Merchant Bob Grocery - US Trader Joe's
31%
Earn Friend Finance - US PayPal
28%
Drake's Pepper Spices - US Morton Salt
7%
No matching quizzes found
Score Distribution
Percent of People with Each Score
Percentile by Number Answered
Your Score History
You have not taken this quiz